| 000 | 00367nam a2200133Ia 4500 | ||
|---|---|---|---|
| 008 | 231019s9999 xx 000 0 und d | ||
| 082 |
_a657.4202 _bMAT-M |
||
| 100 | _aAdolph Matz & Milton F. Usry | ||
| 245 | 0 | _aManual cost Accounting, Planning & Control | |
| 260 |
_aLahore, Pakistan _bDogar Publishers _c2020 |
||
| 300 | _a639 | ||
| 650 | _aAccounting | ||
| 999 |
_c34500 _d34500 |
||